000 01267nam a2200253 i 4500
001 102896
003 ES-MaACL
005 20230906183217.0
007 t|
008 051215s1981 sp e ||||1| spa d
020 _a84-7433-139-0
080 _a711(460)
245 0 0 _aAnálisis de planes generales de capitales de provincia y ciudades de más de 50.000 habitantes :
_btrabajo /
_cque realizó para la Dirección General de Acción Territorial y Urbanismo el Seminario de Planeamiento y Ordenación del Territorio de la Escuela Técnica Superior de Arquitectura de Madrid ; coordinación, Fernando Velao, Ramón López de Lucio, Juan Barrado ; equipo de trabajo Eduardo de Antonio ... [et al.].
260 _aMadrid :
_bMinisterio de Obras Públicas y Urbanismo, Dirección General de Acción Territorial y Urbanismo,
_c[1981]
300 _a167 p. :
_bmapas ;
_c41 x 55 cm.
650 4 _aPlanes urbanísticos-
_zEspaña.
_916104
700 1 _aAntonio, Eduardo de.
_921975
700 1 _aVelao, Fernando.
_9113700
700 1 _aLópez de Lucio, Ramón.
_973571
700 1 _aBarrado, Juan.
_925821
710 2 _aUniversidad Politécnica de Madrid.
_bEscuela Técnica Superior de Arquitectura.
_97437
852 4 _aES-MaACL
_jGF-23
852 4 _aES-MaACL
_jGF-24
999 _c102896
_d102896